Human diversity in action : (Record no. 13645)
[ view plain ]
| 000 -LEADER | |
|---|---|
| fixed length control field | 00391nam a2200133Ia 4500 |
| 020 ## - INTERNATIONAL STANDARD BOOK NUMBER | |
| ISBN | 0072893710 |
| 040 ## - CATALOGING SOURCE | |
| Transcribing agency | KUK |
| 082 ## - DEWEY DECIMAL CLASSIFICATION NUMBER | |
| Classification number | 370 CUS 1999 A010 Or. |
| 100 1# - MAIN ENTRY--AUTHOR NAME | |
| Personal name | Cushner, Kenneth |
| 245 10 - TITLE STATEMENT | |
| Title | Human diversity in action : |
| Remainder of title | developing multicultural competencies for the classroom / |
| 300 ## - PHYSICAL DESCRIPTION | |
| Number of Pages | vi, 209 pages : |
| Other physical details | illustrations ; |
| Dimensions | 28 cm |
| 650 #0 - SUBJECT ADDED ENTRY--TOPICAL TERM | |
| Topical Term | Multicultural education |
| 942 ## - ADDED ENTRY ELEMENTS (KOHA) | |
| Koha item type | សៀវភៅភាសាអង់គ្លេស |
| 952 ## - LOCATION AND ITEM INFORMATION (KOHA) | |
| Withdrawn status [LOCAL, KOHA] | 0 |
| Permanent Location | Date acquired | Koha item type | Lost status | Shelving location | Barcode | Current Location | Full call number |
|---|---|---|---|---|---|---|---|
| Library Block A | 2017-08-29 | សៀវភៅភាសាអង់គ្លេស | A010 | A19826 | Library Block A | 370 CUS 1999 A010 Or. |